书目信息 |
| 题名: |
如何实施面访调查
|
|
| 作者: | 奥伊什 著 ;张仪 译 | |
| 分册: | ||
| 出版信息: | 北京 中国劳动社会保障出版社 2004 |
|
| 页数: | 222页 | |
| 开本: | 20cm | |
| 丛书名: | 调研工具箱丛书 | |
| 单 册: | ||
| 中图分类: | C3 | |
| 科图分类: | ||
| 主题词: | 调查方法 , 社会科学--研究方法 | |
| 电子资源: | ||
| ISBN: | 7-5045-2975-3 | |
| 000 | 01116oam2 2200313 450 | |
| 001 | 0302739167 | |
| 005 | 20060105142729.01 | |
| 010 | @a7-5045-2975-3@dCNY17.00 | |
| 092 | @aCN | |
| 100 | @a20050226d2004 em y0chiy0110 ea | |
| 101 | 1 | @achi@ceng |
| 102 | @aCN@b110000 | |
| 105 | @ay z 000yy | |
| 200 | 1 | @a如何实施面访调查@9ru he shi shi mian fang diao cha@d= How to Conduct in-Person Interviews for Surveys@f(美)萨拜因·默腾斯·奥伊什著@F(mei)sa bai yin·mo teng si·ao yi shen zhu@g张仪译@zeng |
| 210 | @a北京@c中国劳动社会保障出版社@d2004 | |
| 215 | @a222页@d20cm | |
| 225 | 2 | @a调研工具箱丛书@v5 |
| 305 | @a据原著第2版译出 | |
| 330 | @a该书分为9章,包括总论;怎样实施调查设计;怎样设计面访;如何识别和招募被访者;如何实施面访;如何挑选、培训和监督访问员等内容。 | |
| 461 | 0 | @12001 @a调研工具箱丛书 |
| 510 | 1 | @aHow to Conduct in-Person Interviews for Surveys@zeng |
| 606 | 0 | @a调查方法 |
| 606 | 0 | @a社会科学@x研究方法 |
| 690 | @aC3@v4 | |
| 701 | 0 | @a奥伊什@Aao yi shen@4著 |
| 702 | 0 | @a张仪@9zhang yi@4译 |
| 801 | 0 | @aCN@bNLC@c20060105 |
| 905 | @a10447@dC3@e167:5 | |
| 999 | @aZXL | |
| 如何实施面访调查= How to Conduct in-Person Interviews for Surveys/(美)萨拜因·默腾斯·奥伊什著/张仪译.-北京:中国劳动社会保障出版社,2004 |
| 222页;20cm.-(调研工具箱丛书;5) |
| ISBN 7-5045-2975-3:CNY17.00 |
| 该书分为9章,包括总论;怎样实施调查设计;怎样设计面访;如何识别和招募被访者;如何实施面访;如何挑选、培训和监督访问员等内容。 |
| ● |
| 相关链接 |
|
|
|
|
正题名:如何实施面访调查
索取号:C3/167:5
 
预约/预借
| 序号 | 登录号 | 条形码 | 馆藏地/架位号 | 状态 | 备注 |
| 1 | 0373824 | 203738241 | 第一样本阅览室/ [索取号:C3/167:5] | 在馆 | |
| 2 | 0373825 | 203738250 | 第一借阅区/ [索取号:C3/167:5] | 在馆 | |
| 3 | 0373826 | 203738269 | 第一借阅区/ [索取号:C3/167:5] | 在馆 | |
| 4 | 0373827 | 203738278 | 第一借阅区/ [索取号:C3/167:5] | 在馆 | |
| 5 | 0373828 | 203738287 | 第一借阅区/ [索取号:C3/167:5] | 在馆 | |
| 6 | 0373829 | 203738296 | 第一借阅区/ [索取号:C3/167:5] | 在馆 |